Best Selling Cars of 2023 in the US - Statistics

General Stats
  • This quiz has been taken 37 times
  • The average score is 5 of 10
Answer Stats
Hint Answer % Correct
750,789 Ford F-Series
86%
543,780 Chevy Silverado
69%
290,649 Toyota Camry
69%
444,926 Ram Pickup
63%
361,457 Honda CR-V
54%
434,943 Toyota RAV4
54%
244,594 Jeep Grand Cherokee
31%
295,737 GMC Sierra
29%
271,458 Nissan Rogue
26%
394,497 Tesla Model Y
26%
No matching quizzes found
Score Distribution
Percent of People with Each Score
Percentile by Number Answered
Your Score History
You have not taken this quiz